| 000 | 00678nam a2200229Ia 4500 | ||
|---|---|---|---|
| 003 | OSt | ||
| 005 | 20250709173937.0 | ||
| 008 | 210423s2007 xx 000 0 und d | ||
| 020 | _a8173919062 | ||
| 040 | _cAL | ||
| 041 | _aEnglish | ||
| 082 |
_a070.195 _bMENI |
||
| 100 |
_aMridula Menon _993097 |
||
| 245 | _aIndian television and video programmes: trends and policies | ||
| 260 |
_aNew Delhi _bKanishka Publishers Distributors _c2007 |
||
| 300 |
_aix,349p. _bPB _c22x14cm. |
||
| 365 |
_b750 _cINR |
||
| 650 |
_aJournalism & Media _993098 |
||
| 650 |
_aMass Media _993099 |
||
| 906 | _aIndian ; policies. ; programmes: ; television ; trends ; video | ||
| 942 |
_2ddc _cBK |
||
| 999 |
_c161677 _d161677 |
||